000 00973nam a2200289 4500
001 178835
003 ES-MaACL
005 20250724043712.0
008 110715s2008 sp |||| |dspa d
020 _a978-84-670-2667-2
080 _a94(38)"-0480"(0:82)
080 _a94(355)"-0480"(0:82)
080 _a821.134.2-31"19"
100 1 _aNegrete, Javier.
_9147353
245 1 0 _aSalamina /
_cJavier Negrete.
260 _aPozuelo de Alarcón (Madrid) :
_bEspasa Calpe,
_c[2008]
300 _a566 p. ;
_c24 cm.
490 1 _aEspasa narrativa
504 _aBibliografía: p. 559-563.
600 0 7 _aTemístocles,
_dca. 524-ca. 459 a.C.-
_vNovelas
_2
_9147355
650 7 _aSalamina, Batalla de, 480 a.C.-
_vNovelas.
_9147354
830 0 _aEspasa narrativa
_9179733
852 _aES-MaACL
_9185700
_bR.146371
_jA-11345
_cDEPO1
_dOlim: N-4349
_xDonación: Editorial
942 _2udc
_cMONOGRAFIA
999 _c178835
_d178835